[Event "120th Taflfelag Reykjavik-B 2020"]
[Site "Reykjavik"]
[Date "2020.09.27"]
[Round "7.7"]
[White "Mai, Alexander Oliver"]
[Black "Johannsson, Birkir Isak"]
[Result "1-0"]
[WhiteElo "2055"]
[BlackElo "2146"]
[Annotator "ChessBase"]
[PlyCount "133"]
[EventDate "2020.09.13"]
[EventType "tourn"]
[EventCountry "ISL"]
[SourceTitle "playchess.com"]
[Source "ChessBase"]
[SourceQuality "1"]
[TimeControl "40/5400+15:1800+30"]

1. e4 {[%emt 0:00:00]} e5 {[%emt 0:01:06]} 2. Nf3 {[%emt 0:00:00]} Nc6 {[%emt 0:00:00]} 3. Bb5 {[%emt 0:00:00]} a6 {[%emt 0:00:00]} 4. Ba4 {[%emt 0:00:00]} Nf6 {[%emt 0:00:00]} 5. d4 {[%emt 0:00:00]} exd4 {[%emt 0:03:53]} 6. O-O {[%emt 0:00:00]} Be7 {[%emt 0:01:34]} 7. e5 {[%emt 0:00:00]} Ne4 {[%emt 0:08:00]} 8. Nxd4 {[%emt 0:00:20]} Nc5 {[%emt 0:02:30]} 9. Nf5 {[%emt 0:06:24]} Ne6 {[%emt 0:05:52]} 10. Qg4 {[%emt 0:11:36]} Bf8 {[%emt 0:06:24]} 11. Bxc6 {[%emt 0:11:49]} dxc6 {[%emt 0:01:55]} 12. Rd1 {[%emt 0:02:14]} Bd7 {[%emt 0:00:14]} 13. Qf3 {[%emt 0:06:36]} Be7 {[%emt 0:22:28]} 14. Nxe7 {[%emt 0:07:10]} Qxe7 {[%emt 0:01:15]} 15. Nc3 {[%emt 0:00:40]} O-O-O {[%emt 0:02:57]} 16. Be3 {[%emt 0:04:24]} Kb8 {[%emt 0:00:57]} 17. Rd2 {[%emt 0:04:35]} Bc8 {[%emt 0:00:30]} 18. Rad1 {[%emt 0:00:38]} Rxd2 {[%emt 0:00:47]} 19. Rxd2 {[%emt 0:00:00]} Rd8 {[%emt 0:03:01]} 20. Qd1 {[%emt 0:03:01]} Rxd2 {[%emt 0:01:02]} 21. Qxd2 {[%emt 0:00:00]} Qb4 {[%emt 0:02:33]} 22. b3 {[%emt 0:01:54]} b6 {[%emt 0:02:11]} 23. f3 {[%emt 0:04:02]} Kb7 {[%emt 0:01:12]} 24. Ne4 {[%emt 0:06:03]} Qxd2 {[%emt 0:00:46]} 25. Bxd2 {[%emt 0:01:44]} c5 {[%emt 0:01:04]} 26. Kf2 {[%emt 0:01:01]} Kc6 {[%emt 0:01:00]} 27. c4 {[%emt 0:01:10]} a5 {[%emt 0:02:30]} 28. Ke3 {[%emt 0:01:09]} Ba6 {[%emt 0:01:56]} 29. Kd3 {[%emt 0:01:42]} Bc8 {[%emt 0:00:00]} 30. g4 {[%emt 0:05:04]} Kd7 {[%emt 0:04:52]} 31. Be3 {[%emt 0:03:27]} Ke7 {[%emt 0:01:06]} 32. f4 {[%emt 0:02:52]} Nf8 {[%emt 0:00:27]} 33. f5 {[%emt 0:01:32]} g6 {[%emt 0:06:34]} 34. Bg5+ {[%emt 0:01:16]} Kd7 {[%emt 0:00:05]} 35. Nf6+ {[%emt 0:01:27]} Kc6 {[%emt 0:00:07]} 36. Ke4 {[%emt 0:00:46]} b5 {[%emt 0:01:20]} 37. Bh6 {[%emt 0:00:56]} gxf5+ {[%emt 0:01:15]} 38. gxf5 {[%emt 0:00:00]} Nd7 {[%emt 0:00:00]} 39. cxb5+ {[%emt 0:02:59]} Kxb5 {[%emt 0:00:00]} 40. Nxh7 {[%emt 0:00:00]} c4 {[%emt 0:00:00]} 41. bxc4+ {[%emt 0:18:48]} Kxc4 {[%emt 0:15:10]} 42. Ng5 {[%emt 0:08:57]} Nc5+ {[%emt 0:01:16]} 43. Ke3 {[%emt 0:01:20]} Bxf5 {[%emt 0:00:42]} 44. Nxf7 {[%emt 0:00:14]} Kd5 {[%emt 0:09:08]} 45. Bf4 {[%emt 0:00:59]} Ne6 {[%emt 0:04:27]} 46. h4 {[%emt 0:00:57]} Bg6 {[%emt 0:02:34]} 47. Nh6 {[%emt 0:01:17]} Nd4 {[%emt 0:01:15]} 48. Bg3 {[%emt 0:01:11]} c5 {[%emt 0:00:54]} 49. Ng4 {[%emt 0:01:32]} Nf5+ {[%emt 0:04:16]} 50. Kf4 {[%emt 0:00:03]} Ke6 {[%emt 0:00:43]} 51. Be1 {[%emt 0:00:26]} a4 {[%emt 0:00:11]} 52. Nf6 {[%emt 0:00:46]} Ne7 {[%emt 0:01:16]} 53. h5 {[%emt 0:00:29]} Bb1 {[%emt 0:00:03]} 54. a3 {[%emt 0:00:07]} c4 {[%emt 0:00:00]} 55. Bc3 {[%emt 0:00:48]} Nf5 {[%emt 0:01:03]} 56. Ne4 {[%emt 0:01:01]} Bxe4 {[%emt 0:00:41]} 57. Kxe4 {[%emt 0:00:02]} Ng3+ {[%emt 0:00:06]} 58. Kd4 {[%emt 0:00:24]} Nxh5 {[%emt 0:00:04]} 59. Kxc4 {[%emt 0:00:09]} Nf4 {[%emt 0:00:44]} 60. Kb5 {[%emt 0:01:06]} Kd5 {[%emt 0:01:25]} 61. Kxa4 {[%emt 0:00:09]} Kc4 {[%emt 0:00:09]} 62. Bb4 {[%emt 0:00:49]} Ne6 {[%emt 0:00:46]} 63. Bd6 {[%emt 0:00:36]} Nd4 {[%emt 0:01:14]} 64. Ka5 {[%emt 0:00:32]} Kb3 {[%emt 0:00:00]} 65. a4 {[%emt 0:00:37]} Kc4 {[%emt 0:00:16]} 66. Kb6 {[%emt 0:00:18]} Kd5 {[%emt 0:00:41]} 67. a5 {[%emt 0:00:18]} 1-0

[Event "120th Taflfelag Reykjavik-B 2020"]
[Site "Reykjavik"]
[Date "2020.09.27"]
[Round "7.8"]
[White "Hardarson, Petur Palmi"]
[Black "Olafsson, Thorvardur"]
[Result "0-1"]
[WhiteElo "2061"]
[BlackElo "2111"]
[Annotator "ChessBase"]
[PlyCount "62"]
[EventDate "2020.09.13"]
[EventType "tourn"]
[EventCountry "ISL"]
[SourceTitle "playchess.com"]
[Source "ChessBase"]
[SourceQuality "1"]
[TimeControl "40/5400+15:1800+30"]

1. d4 {[%emt 0:00:00]} Nf6 {[%emt 0:00:00]} 2. c4 {[%emt 0:00:24]} g6 {[%emt 0:00:00]} 3. Nc3 {[%emt 0:00:12]} d5 {[%emt 0:00:00]} 4. cxd5 {[%emt 0:00:07]} Nxd5 {[%emt 0:00:00]} 5. e4 {[%emt 0:00:00]} Nxc3 {[%emt 0:00:00]} 6. bxc3 {[%emt 0:00:00]} Bg7 {[%emt 0:00:00]} 7. Nf3 {[%emt 0:00:10]} c5 {[%emt 0:00:00]} 8. Bb5+ {[%emt 0:00:35]} Nc6 {[%emt 0:03:33]} 9. d5 {[%emt 0:00:40]} Qa5 {[%emt 0:02:34]} 10. Rb1 {[%emt 0:00:40]} a6 {[%emt 0:06:55]} 11. Bxc6+ {[%emt 0:02:07]} bxc6 {[%emt 0:00:00]} 12. O-O {[%emt 0:01:04]} O-O {[%emt 0:02:01]} 13. Bg5 {[%emt 0:14:25]} Re8 {[%emt 0:07:16]} 14. Qb3 {[%emt 0:28:12]} cxd5 {[%emt 0:08:08]} 15. exd5 {[%emt 0:00:27]} Bxc3 {[%emt 0:22:37]} 16. Rfc1 {[%emt 0:06:55]} Bf5 {[%emt 0:05:20]} 17. Rxc3 {[%emt 0:17:12]} Bxb1 {[%emt 0:00:15]} 18. a3 {[%emt 0:00:55]} Rab8 {[%emt 0:03:31]} 19. Qc4 {[%emt 0:00:11]} Ba2 {[%emt 0:01:23]} 20. Qd3 {[%emt 0:01:52]} Rb1+ {[%emt 0:05:04]} 21. Bc1 {[%emt 0:00:58]} Qxa3 {[%emt 0:12:41]} 22. Rxa3 {[%emt 0:07:39]} Rxc1+ {[%emt 0:00:00]} 23. Qf1 {[%emt 0:00:00]} Rxf1+ {[%emt 0:00:00]} 24. Kxf1 {[%emt 0:00:00]} Bxd5 {[%emt 0:00:00]} 25. Ke1 {[%emt 0:00:32]} Bxf3 {[%emt 0:00:18]} 26. gxf3 {[%emt 0:00:00]} Ra8 {[%emt 0:05:09]} 27. Ra5 {[%emt 0:00:14]} c4 {[%emt 0:00:00]} 28. Ke2 {[%emt 0:01:52]} Kg7 {[%emt 0:01:15]} 29. Ke3 {[%emt 0:00:35]} Rc8 {[%emt 0:00:46]} 30. Kd2 {[%emt 0:00:23]} c3+ {[%emt 0:00:03]} 31. Kc2 {[%emt 0:09:24]} Rc6 {[%emt 0:08:56]} 0-1

[Event "120th Taflfelag Reykjavik-B 2020"]
[Site "Reykjavik"]
[Date "2020.09.27"]
[Round "7.9"]
[White "Ragnarsson, Johann"]
[Black "Jonsson, Gauti Pall"]
[Result "1-0"]
[WhiteElo "1952"]
[BlackElo "2046"]
[Annotator "ChessBase"]
[PlyCount "87"]
[EventDate "2020.09.13"]
[EventType "tourn"]
[EventCountry "ISL"]
[SourceTitle "playchess.com"]
[Source "ChessBase"]
[SourceQuality "1"]
[TimeControl "40/5400+15:1800+30"]

1. c3 {[%emt 0:00:00]} Nf6 {[%emt 0:03:13]} 2. d4 {[%emt 0:00:00]} g6 {[%emt 0:00:55]} 3. Bg5 {[%emt 0:00:00]} Bg7 {[%emt 0:09:09]} 4. Bxf6 {[%emt 0:00:12]} exf6 {[%emt 0:01:26]} 5. e4 {[%emt 0:03:15]} O-O {[%emt 0:06:12]} 6. Nd2 {[%emt 0:01:08]} d5 {[%emt 0:05:14]} 7. exd5 {[%emt 0:11:41]} Re8+ {[%emt 0:01:50]} 8. Ne2 {[%emt 0:00:21]} Qxd5 {[%emt 0:07:33]} 9. Qb3 {[%emt 0:09:59]} Qf5 {[%emt 0:03:27]} 10. f3 {[%emt 0:07:09]} Nc6 {[%emt 0:05:37]} 11. Ne4 {[%emt 0:12:38]} Rxe4 {[%emt 0:05:38]} 12. fxe4 {[%emt 0:07:29]} Qxe4 {[%emt 0:00:00]} 13. h3 {[%emt 0:03:18]} Be6 {[%emt 0:05:03]} 14. Qb4 {[%emt 0:36:20]} b6 15. Qxb6 {[%emt 0:00:00]} Rb8 {[%emt 0:02:51]} 16. Qxc7 {[%emt 0:00:00]} Rxb2 {[%emt 0:02:57]} 17. Qg3 {[%emt 0:00:00]} Bd5 {[%emt 0:08:12]} 18. h4 {[%emt 0:00:00]} Bh6 {[%emt 0:02:33]} 19. Rh3 {[%emt 0:00:00]} Qf5 {[%emt 0:03:03]} 20. Rd1 {[%emt 0:00:00]} Na5 {[%emt 0:01:09]} 21. h5 {[%emt 0:00:00]} Bg5 {[%emt 0:11:12]} 22. hxg6 {[%emt 0:00:00]} Nc4 {[%emt 0:01:09]} 23. gxh7+ {[%emt 0:00:00]} Kh8 {[%emt 0:00:14]} 24. Qd3 {[%emt 0:00:00]} Qe6 {[%emt 0:03:29]} 25. Rb1 {[%emt 0:00:00]} Be4 {[%emt 0:01:08]} 26. Rxb2 {[%emt 0:00:00]} Nxb2 {[%emt 0:00:00]} 27. Qb5 {[%emt 0:00:00]} Nd3+ {[%emt 0:01:56]} 28. Rxd3 {[%emt 0:00:00]} Bxd3 {[%emt 0:00:00]} 29. Qxd3 {[%emt 0:00:00]} Qxa2 {[%emt 0:00:00]} 30. d5 {[%emt 0:00:00]} Qa4 {[%emt 0:00:10]} 31. d6 {[%emt 0:00:00]} Qd7 {[%emt 0:00:00]} 32. c4 {[%emt 0:00:00]} f5 {[%emt 0:00:02]} 33. Ng3 {[%emt 0:00:00]} Qe6+ {[%emt 0:01:13]} 34. Be2 {[%emt 0:00:00]} f4 {[%emt 0:00:15]} 35. Ne4 {[%emt 0:00:00]} Bh4+ {[%emt 0:00:00]} 36. Kd1 {[%emt 0:00:00]} a5 {[%emt 0:00:13]} 37. d7 {[%emt 0:01:00]} Bd8 {[%emt 0:00:05]} 38. Nc3 {[%emt 0:01:19]} Qb6 {[%emt 0:00:16]} 39. Nb5 {[%emt 0:00:29]} Qg1+ {[%emt 0:00:07]} 40. Bf1 {[%emt 0:00:00]} a4 {[%emt 0:00:46]} 41. Qd4+ {[%emt 0:15:57]} Qxd4+ {[%emt 0:15:07]} 42. Nxd4 {[%emt 0:00:07]} a3 {[%emt 0:00:33]} 43. Kc2 {[%emt 0:01:09]} a2 {[%emt 0:00:24]} 44. Kb2 {[%emt 0:00:08]} 1-0

[Event "120th Taflfelag Reykjavik-B 2020"]
[Site "Reykjavik"]
[Date "2020.09.27"]
[Round "7.10"]
[White "Ptacnikova, Lenka"]
[Black "Heidarsson, Arnar Milutin"]
[Result "0-1"]
[WhiteElo "2117"]
[BlackElo "1965"]
[Annotator "ChessBase"]
[PlyCount "78"]
[EventDate "2020.09.13"]
[EventType "tourn"]
[EventCountry "ISL"]
[SourceTitle "playchess.com"]
[Source "ChessBase"]
[SourceQuality "1"]
[TimeControl "40/5400+15:1800+30"]

1. d4 {[%emt 0:00:00]} Nf6 {[%emt 0:00:00]} 2. g3 {[%emt 0:00:00]} e6 {[%emt 0:00:00]} 3. Bg2 {[%emt 0:00:00]} d5 {[%emt 0:00:00]} 4. Nf3 {[%emt 0:02:03]} b6 {[%emt 0:00:00]} 5. c4 {[%emt 0:00:06]} Bb7 {[%emt 0:00:00]} 6. O-O {[%emt 0:00:16]} Nbd7 {[%emt 0:02:20]} 7. cxd5 {[%emt 0:07:50]} exd5 {[%emt 0:02:26]} 8. Nc3 {[%emt 0:02:21]} Be7 {[%emt 0:01:45]} 9. Bf4 {[%emt 0:04:40]} a6 {[%emt 0:00:56]} 10. Rc1 {[%emt 0:01:27]} O-O {[%emt 0:01:25]} 11. Na4 {[%emt 0:03:03]} c6 {[%emt 0:02:36]} 12. Qb3 {[%emt 0:04:54]} b5 {[%emt 0:03:55]} 13. Rfd1 {[%emt 0:06:47]} Ne4 {[%emt 0:03:04]} 14. Nc3 {[%emt 0:03:23]} Nxc3 {[%emt 0:00:04]} 15. Qxc3 {[%emt 0:00:21]} f6 {[%emt 0:02:37]} 16. Bh3 {[%emt 0:03:40]} Nb6 {[%emt 0:00:12]} 17. b3 {[%emt 0:00:12]} a5 {[%emt 0:02:38]} 18. Ne1 {[%emt 0:02:40]} g5 {[%emt 0:02:05]} 19. Bd2 {[%emt 0:00:27]} Bc8 {[%emt 0:09:26]} 20. Bf1 {[%emt 0:01:10]} Bd7 {[%emt 0:01:42]} 21. Nd3 {[%emt 0:00:47]} Qc7 {[%emt 0:02:17]} 22. Nc5 {[%emt 0:00:10]} Rfc8 {[%emt 0:00:54]} 23. Qf3 {[%emt 0:05:05]} Re8 {[%emt 0:09:49]} 24. Rc2 {[%emt 0:02:49]} Kg7 {[%emt 0:09:17]} 25. Rdc1 {[%emt 0:02:07]} Bxc5 {[%emt 0:00:28]} 26. Rxc5 {[%emt 0:02:27]} Qd6 {[%emt 0:00:58]} 27. Qh5 {[%emt 0:03:06]} Qe6 {[%emt 0:07:18]} 28. h4 {[%emt 0:02:43]} h6 {[%emt 0:00:53]} 29. Qf3 {[%emt 0:07:38]} Nc8 {[%emt 0:00:57]} 30. hxg5 {[%emt 0:04:47]} hxg5 {[%emt 0:00:11]} 31. a4 {[%emt 0:02:17]} b4 {[%emt 0:01:40]} 32. e3 {[%emt 0:02:09]} Nd6 {[%emt 0:00:08]} 33. Bd3 {[%emt 0:00:00]} Ne4 {[%emt 0:00:45]} 34. R5c2 {[%emt 0:00:25]} Rh8 {[%emt 0:00:08]} 35. Qg2 {[%emt 0:01:50]} Rh3 {[%emt 0:00:36]} 36. Bf1 {[%emt 0:01:52]} Rah8 {[%emt 0:00:26]} 37. Be1 {[%emt 0:00:09]} g4 {[%emt 0:02:54]} 38. Be2 {[%emt 0:01:13]} Ng5 {[%emt 0:01:10]} 39. Bd2 {[%emt 0:00:46]} Qf5 {[%emt 0:00:18]} 0-1

[Event "120th Taflfelag Reykjavik-B 2020"]
[Site "Reykjavik"]
[Date "2020.10.01"]
[Round "8.6"]
[White "Gudmundsson, Gunnar Erik"]
[Black "Heidarsson, Arnar Milutin"]
[Result "1/2-1/2"]
[WhiteElo "1801"]
[BlackElo "1965"]
[Annotator "ChessBase"]
[PlyCount "82"]
[EventDate "2020.09.13"]
[EventType "tourn"]
[EventCountry "ISL"]
[SourceTitle "playchess.com"]
[Source "ChessBase"]
[SourceQuality "1"]
[TimeControl "40/5400+15:1800+30"]

1. d4 {[%emt 0:00:00]} Nf6 {[%emt 0:00:00]} 2. c4 {[%emt 0:00:00]} g6 {[%emt 0:00:00]} 3. Nc3 {[%emt 0:00:00]} d5 {[%emt 0:00:00]} 4. cxd5 {[%emt 0:00:00]} Nxd5 {[%emt 0:00:00]} 5. e4 {[%emt 0:00:00]} Nxc3 {[%emt 0:00:00]} 6. bxc3 {[%emt 0:00:00]} Bg7 {[%emt 0:00:00]} 7. Be3 {[%emt 0:00:07]} c5 {[%emt 0:00:00]} 8. Nf3 {[%emt 0:00:36]} Nc6 {[%emt 0:00:00]} 9. Qd2 {[%emt 0:00:00]} cxd4 {[%emt 0:00:16]} 10. cxd4 {[%emt 0:00:00]} O-O {[%emt 0:00:20]} 11. Rc1 {[%emt 0:00:27]} Bg4 {[%emt 0:11:42]} 12. d5 {[%emt 0:02:15]} Bxf3 {[%emt 0:02:22]} 13. gxf3 {[%emt 0:00:00]} Ne5 {[%emt 0:00:00]} 14. Be2 {[%emt 0:00:00]} Qd7 {[%emt 0:03:09]} 15. O-O {[%emt 0:04:32]} Qh3 {[%emt 0:02:46]} 16. Qd1 {[%emt 0:07:11]} h5 {[%emt 0:00:40]} 17. f4 {[%emt 0:00:46]} Ng4 {[%emt 0:00:10]} 18. Bxg4 {[%emt 0:00:00]} hxg4 {[%emt 0:00:00]} 19. Rc7 {[%emt 0:02:03]} Rac8 {[%emt 0:10:15]} 20. Qc2 {[%emt 0:12:19]} g3 {[%emt 0:08:03]} 21. hxg3 {[%emt 0:00:42]} Kh7 {[%emt 0:04:32]} 22. Rc1 {[%emt 0:06:25]} Rxc7 {[%emt 0:06:06]} 23. Qxc7 {[%emt 0:00:44]} Rh8 {[%emt 0:00:00]} 24. Qc2 {[%emt 0:07:11]} Bb2 {[%emt 0:02:59]} 25. Qxb2 {[%emt 0:10:51]} Kg8 {[%emt 0:00:00]} 26. Qxh8+ {[%emt 0:00:00]} Kxh8 {[%emt 0:00:00]} 27. Rc7 {[%emt 0:00:33]} Qg4 {[%emt 0:06:13]} 28. Rxe7 {[%emt 0:01:03]} Qd1+ {[%emt 0:01:17]} 29. Kg2 {[%emt 0:00:00]} f5 {[%emt 0:01:04]} 30. f3 {[%emt 0:01:49]} a5 {[%emt 0:02:00]} 31. Bf2 {[%emt 0:03:37]} b5 {[%emt 0:01:05]} 32. Rd7 {[%emt 0:03:06]} fxe4 {[%emt 0:01:09]} 33. fxe4 {[%emt 0:02:05]} Qd3 {[%emt 0:00:00]} 34. e5 {[%emt 0:00:34]} Qe4+ {[%emt 0:00:00]} 35. Kh2 {[%emt 0:00:53]} g5 {[%emt 0:02:46]} 36. e6 {[%emt 0:03:38]} gxf4 {[%emt 0:00:38]} 37. e7 {[%emt 0:07:13]} fxg3+ 38. Kxg3 Qe5+ 39. Kg4 Qe4+ 40. Kg5 Qe5+ 41. Kg6 Qg7+ 1/2-1/2

[Event "120th Taflfelag Reykjavik-B 2020"]
[Site "Reykjavik"]
[Date "2020.10.01"]
[Round "8.7"]
[White "Jonsson, Gauti Pall"]
[Black "Ptacnikova, Lenka"]
[Result "1/2-1/2"]
[WhiteElo "2046"]
[BlackElo "2117"]
[Annotator "ChessBase"]
[PlyCount "154"]
[EventDate "2020.09.13"]
[EventType "tourn"]
[EventCountry "ISL"]
[SourceTitle "playchess.com"]
[Source "ChessBase"]
[SourceQuality "1"]
[TimeControl "40/5400+15:1800+30"]

1. e4 {[%emt 0:03:54]} Nf6 {[%emt 0:02:24]} 2. e5 {[%emt 0:00:39]} Nd5 {[%emt 0:00:00]} 3. d4 {[%emt 0:00:41]} d6 {[%emt 0:00:00]} 4. c4 {[%emt 0:00:08]} Nb6 {[%emt 0:00:00]} 5. exd6 {[%emt 0:01:06]} cxd6 {[%emt 0:02:12]} 6. Nc3 {[%emt 0:01:03]} g6 {[%emt 0:00:06]} 7. Be3 {[%emt 0:00:59]} Bg7 {[%emt 0:00:00]} 8. Qd2 {[%emt 0:01:51]} Nc6 {[%emt 0:08:28]} 9. Rc1 {[%emt 0:03:17]} O-O {[%emt 0:00:56]} 10. b3 {[%emt 0:01:18]} e5 {[%emt 0:03:29]} 11. d5 {[%emt 0:08:55]} Ne7 {[%emt 0:01:58]} 12. Bd3 {[%emt 0:10:14]} Re8 {[%emt 0:07:27]} 13. Nge2 {[%emt 0:04:21]} Bf5 {[%emt 0:04:58]} 14. O-O {[%emt 0:03:50]} Nd7 {[%emt 0:01:42]} 15. b4 {[%emt 0:04:26]} Bxd3 {[%emt 0:06:48]} 16. Qxd3 {[%emt 0:00:00]} Nf5 {[%emt 0:01:07]} 17. Bd2 {[%emt 0:03:51]} e4 {[%emt 0:11:58]} 18. Nxe4 {[%emt 0:03:20]} Ne5 {[%emt 0:00:00]} 19. Qb3 {[%emt 0:01:17]} Qh4 {[%emt 0:10:45]} 20. N4g3 {[%emt 0:06:05]} Ng4 {[%emt 0:07:35]} 21. h3 {[%emt 0:00:58]} Ngh6 {[%emt 0:03:01]} 22. Qf3 {[%emt 0:05:22]} Be5 {[%emt 0:02:08]} 23. Nxf5 {[%emt 0:07:02]} Nxf5 {[%emt 0:00:00]} 24. Rfe1 {[%emt 0:01:25]} Rac8 {[%emt 0:05:56]} 25. g4 {[%emt 0:04:31]} Ng7 {[%emt 0:03:10]} 26. c5 {[%emt 0:01:02]} h5 {[%emt 0:01:46]} 27. Kg2 {[%emt 0:04:16]} hxg4 {[%emt 0:01:42]} 28. Qxg4 {[%emt 0:02:01]} Nf5 {[%emt 0:02:49]} 29. Bg5 {[%emt 0:00:09]} Qh8 {[%emt 0:00:34]} 30. Ng1 {[%emt 0:03:22]} a5 {[%emt 0:01:19]} 31. a3 {[%emt 0:00:41]} Bb2 {[%emt 0:00:12]} 32. cxd6 {[%emt 0:01:54]} Nxd6 {[%emt 0:00:07]} 33. Rxc8 {[%emt 0:00:57]} Rxc8 {[%emt 0:00:00]} 34. Qd7 {[%emt 0:01:52]} Qc3 {[%emt 0:01:43]} 35. Nf3 {[%emt 0:00:13]} Nf5 {[%emt 0:01:43]} 36. Bf6 {[%emt 0:00:10]} Qxf6 {[%emt 0:00:22]} 37. Qxc8+ {[%emt 0:00:00]} Kg7 {[%emt 0:00:00]} 38. Qc4 {[%emt 0:01:15]} Bxa3 {[%emt 0:00:01]} 39. bxa5 {[%emt 0:00:00]} Bb2 {[%emt 0:00:10]} 40. Rd1 {[%emt 0:00:00]} Nd6 {[%emt 0:00:00]} 41. Qd3 {[%emt 0:17:04]} Bc3 {[%emt 0:20:28]} 42. a6 {[%emt 0:02:21]} bxa6 {[%emt 0:00:30]} 43. Qxa6 {[%emt 0:00:03]} Qf4 {[%emt 0:00:43]} 44. Qd3 {[%emt 0:01:00]} Bf6 {[%emt 0:00:26]} 45. Qe3 {[%emt 0:00:51]} Qa4 {[%emt 0:00:31]} 46. Re1 {[%emt 0:00:36]} Qc4 {[%emt 0:00:32]} 47. Rd1 {[%emt 0:01:04]} Qa4 {[%emt 0:00:56]} 48. Qd3 {[%emt 0:00:29]} Qf4 {[%emt 0:00:35]} 49. Qd2 {[%emt 0:02:31]} Qa4 {[%emt 0:01:25]} 50. Rh1 {[%emt 0:00:38]} g5 {[%emt 0:02:16]} 51. Nxg5 {[%emt 0:02:24]} Nf5 {[%emt 0:01:03]} 52. Nf3 {[%emt 0:00:52]} Qe4 {[%emt 0:00:06]} 53. Qd1 {[%emt 0:03:24]} Nh4+ {[%emt 0:01:39]} 54. Kg3 {[%emt 0:01:15]} Qg6+ {[%emt 0:00:12]} 55. Ng5 {[%emt 0:00:53]} Qxg5+ {[%emt 0:03:53]} 56. Qg4 {[%emt 0:00:30]} Be5+ {[%emt 0:00:26]} 57. f4 {[%emt 0:00:17]} Bxf4+ {[%emt 0:00:19]} 58. Kf2 {[%emt 0:00:13]} Qxg4 {[%emt 0:01:14]} 59. hxg4 {[%emt 0:00:09]} Ng6 {[%emt 0:00:06]} 60. Ra1 {[%emt 0:00:53]} Kf6 {[%emt 0:00:58]} 61. Ra6+ {[%emt 0:00:43]} Ke7 {[%emt 0:02:09]} 62. Kf3 {[%emt 0:00:16]} Bc7 {[%emt 0:01:12]} 63. Ke4 {[%emt 0:00:24]} Nf8 {[%emt 0:01:15]} 64. Ra7 {[%emt 0:00:48]} Kd6 {[%emt 0:00:00]} 65. Kf5 {[%emt 0:00:21]} Nd7 {[%emt 0:00:00]} 66. Ra1 {[%emt 0:01:55]} Bb6 {[%emt 0:00:26]} 67. Re1 {[%emt 0:00:52]} Bd4 {[%emt 0:00:47]} 68. g5 {[%emt 0:00:33]} Kxd5 {[%emt 0:00:30]} 69. Rh1 {[%emt 0:01:04]} Nf8 {[%emt 0:00:38]} 70. Rd1 {[%emt 0:00:49]} Ng6 {[%emt 0:00:20]} 71. Kg4 {[%emt 0:00:37]} Ke4 {[%emt 0:00:43]} 72. Rf1 {[%emt 0:00:34]} Ne5+ {[%emt 0:00:10]} 73. Kh5 {[%emt 0:00:24]} Be3 {[%emt 0:00:24]} 74. Kh6 {[%emt 0:00:48]} Nf3 {[%emt 0:00:52]} 75. Rxf3 {[%emt 0:00:34]} Kxf3 {[%emt 0:00:07]} 76. Kg7 {[%emt 0:00:06]} Bxg5 {[%emt 0:00:08]} 77. Kxf7 {[%emt 0:01:50]} Ke4 {[%emt 0:01:55]} 1/2-1/2

[Event "120th Taflfelag Reykjavik-B 2020"]
[Site "Reykjavik"]
[Date "2020.10.01"]
[Round "8.8"]
[White "Olafsson, Thorvardur"]
[Black "Ragnarsson, Johann"]
[Result "1-0"]
[WhiteElo "2111"]
[BlackElo "1952"]
[Annotator "ChessBase"]
[PlyCount "81"]
[EventDate "2020.09.13"]
[EventType "tourn"]
[EventCountry "ISL"]
[SourceTitle "playchess.com"]
[Source "ChessBase"]
[SourceQuality "1"]
[TimeControl "40/5400+15:1800+30"]

1. d4 {[%emt 0:00:00]} f5 {[%emt 0:00:07]} 2. Nf3 {[%emt 0:01:06]} Nf6 {[%emt 0:00:01]} 3. c4 {[%emt 0:00:20]} e6 {[%emt 0:00:00]} 4. e3 {[%emt 0:00:45]} d5 {[%emt 0:02:10]} 5. Bd3 {[%emt 0:01:57]} c6 {[%emt 0:00:29]} 6. O-O {[%emt 0:00:06]} Bd6 {[%emt 0:00:18]} 7. b3 {[%emt 0:02:09]} Qe7 {[%emt 0:00:06]} 8. Bb2 {[%emt 0:00:08]} O-O {[%emt 0:05:10]} 9. Qc1 {[%emt 0:01:46]} Ne4 {[%emt 0:25:13]} 10. Ba3 {[%emt 0:05:45]} Bxa3 {[%emt 0:04:33]} 11. Qxa3 {[%emt 0:00:17]} Qf6 {[%emt 0:02:09]} 12. b4 {[%emt 0:07:49]} Nd7 {[%emt 0:03:02]} 13. Qb2 {[%emt 0:11:38]} Qh6 {[%emt 0:04:00]} 14. Nc3 {[%emt 0:03:28]} g5 {[%emt 0:05:55]} 15. Ne2 {[%emt 0:03:15]} Qh5 {[%emt 0:11:03]} 16. a4 {[%emt 0:14:05]} Rf6 {[%emt 0:00:31]} 17. b5 {[%emt 0:05:32]} Rh6 {[%emt 0:00:23]} 18. Bxe4 dxe4 {[%emt 0:01:04]} 19. Ng3 {[%emt 0:07:10]} Qg6 {[%emt 0:00:00]} 20. Nd2 {[%emt 0:03:52]} f4 {[%emt 0:08:18]} 21. Ngxe4 {[%emt 0:02:33]} Qh5 {[%emt 0:00:00]} 22. h3 {[%emt 0:00:54]} fxe3 23. fxe3 {[%emt 0:01:23]} g4 {[%emt 0:04:55]} 24. Ng3 {[%emt 0:05:49]} Qh4 {[%emt 0:02:49]} 25. Nde4 {[%emt 0:02:32]} gxh3 {[%emt 0:04:01]} 26. Qf2 {[%emt 0:01:54]} Rg6 {[%emt 0:03:16]} 27. Qf7+ {[%emt 0:01:22]} Kh8 {[%emt 0:00:00]} 28. Rf4 {[%emt 0:00:17]} h2+ {[%emt 0:00:32]} 29. Kh1 {[%emt 0:00:00]} Qd8 {[%emt 0:00:00]} 30. Raf1 {[%emt 0:01:41]} e5 {[%emt 0:01:38]} 31. R4f3 {[%emt 0:02:49]} cxb5 {[%emt 0:02:18]} 32. cxb5 {[%emt 0:01:17]} b6 {[%emt 0:00:00]} 33. Qd5 {[%emt 0:00:31]} Rb8 {[%emt 0:02:04]} 34. Rf8+ {[%emt 0:00:35]} Qxf8 {[%emt 0:00:00]} 35. Rxf8+ {[%emt 0:00:00]} Nxf8 {[%emt 0:00:00]} 36. Qxe5+ {[%emt 0:00:00]} Kg8 {[%emt 0:00:00]} 37. Qxb8 {[%emt 0:00:00]} Be6 {[%emt 0:00:02]} 38. Qxa7 {[%emt 0:00:48]} Bd5 {[%emt 0:00:00]} 39. Qe7 {[%emt 0:00:36]} Bf7 {[%emt 0:02:02]} 40. Nf6+ {[%emt 0:00:00]} Kg7 {[%emt 0:00:00]} 41. Nf5+ {[%emt 0:15:26]} 1-0